| 000 | 00424cam a2200169ua 4500 | ||
|---|---|---|---|
| 020 | _c1.25 | ||
| 041 |
_amal _h |
||
| 082 |
_a501 _bKUT/SA |
||
| 100 | _aKuttikrishna Marar, . | ||
| 245 |
_aSasthravum Scienceum / _cKuttikrishna Marar. _hTextual Documents |
||
| 260 |
_aThrissur : _bBharatheeya Sahitya Samithi , _c1968. |
||
| 300 | _a52 ; . | ||
| 365 | _a1.25 | ||
| 504 | _a | ||
| 942 | _cBK | ||
| 999 |
_c5018 _d5018 |
||